| 000 | 01061nam a2200241Ia 4500 | ||
|---|---|---|---|
| 003 | Ost | ||
| 005 | 20260507075358.0 | ||
| 008 | 260507s9999||||xx |||||||||||||| ||und|| | ||
| 020 | _a3010350977 | ||
| 040 | _cfsecg | ||
| 041 | _aara | ||
| 082 | _a330 | ||
| 100 |
_aطلعت، إبراهيم _eمؤلف |
||
| 245 | 0 |
_aالنظام الإقتصادي ومواجهة المشكلة الإقتصادية : _bمدخل لعلم الإقتصاد / _c إبراهيم طلعت |
|
| 260 |
_aالقاهرة: _bدار الكتاب الحديث, _c2009 |
||
| 300 |
_a325 صفحة؛ _bإيضاحات ؛ _c24 سم |
||
| 504 | _aالمراجع ص.307 | ||
| 520 | _aعلم الإقتصاد والمشكلة الإقتصادية- آلية السوق الحر- سلوك المستهلك في اطار قواعد السوق الحر- قرارات تحديد السعر والناتج والربحية للمنشأة | ||
| 653 | _aالمشكلة الإقتصادية | ||
| 653 | _aالنظام الإقتصادي | ||
| 653 | _aعلم الإقتصاد | ||
| 942 | _cكتاب | ||
| 999 |
_c44253 _d44253 |
||